书目信息 |
| 题名: |
造血转型
|
|
| 作者: | ;经理人杂志编辑部 著 | |
| 分册: | ||
| 出版信息: | 北京 科学出版社 2013 |
|
| 页数: | 217页 | |
| 开本: | 23cm | |
| 丛书名: | 经理人“影响中国”管理丛书 | |
| 单 册: | ||
| 中图分类: | F279.23 | |
| 科图分类: | ||
| 主题词: | 企业发展战略--研究--中国 , 企业发展战略 | |
| 电子资源: | ||
| ISBN: | 978-7-03-037975-7 | |
| 000 | 01303nam0 22002891 450 | |
| 001 | 519 | |
| 005 | 20140909092852.09 | |
| 010 | @a978-7-03-037975-7@dCNY39.80 | |
| 100 | @a20130807d2013 em y0chiy50 ea | |
| 101 | 0 | @achi |
| 102 | @aCN@b110000 | |
| 105 | @ay z 000yy | |
| 106 | @ar | |
| 200 | 1 | @a造血转型@AZao Xue Zhuai Xing@e中国企业战略转型的8大模式@EZhong Guo Qi Ye Zhan Lue Zhuan Xing De 8 Da Mo Shi@dThe great transformation@e8 solutions of Chinese enterprises' transformation@f《经理人》杂志编辑部著@F《 Jing Li Ren》 Za Zhi Bian Ji Bu Zhu@zeng |
| 210 | @a北京@c科学出版社@d2013 | |
| 215 | @a217页@d23cm | |
| 225 | 2 | @a经理人“影响中国”管理丛书 |
| 330 | @a本书总结了2012年中国企业界一部分商业模式、战略、供应链、营销、全球化、人才、资本、企业传承等创新模式与案例,以推动中国企业从“流血转型”,走向“造血转型”。 | |
| 461 | 0 | @12001 @a经理人“影响中国”管理丛书 |
| 510 | 1 | @aGreat transformation@e8 solutions of Chinese enterprises' transformation@zeng |
| 517 | 1 | @a中国企业战略转型的8大模式@AZhong Guo Qi Ye Zhan Lue Zhuai Xing De 8Da Mo Shi |
| 606 | 0 | @a企业发展战略@x研究@y中国 |
| 606 | 0 | @a企业发展战略 |
| 690 | @aF279.23@v5 | |
| 711 | 02 | @a经理人杂志编辑部@AJing Li Ren Za Zhi Bian Ji Bu@4著 |
| 801 | 0 | @aCN@bTANGWEI@c20140603 |
| 905 | @b0836670-72@dF279.23@e1131@f3 | |
| 造血转型:中国企业战略转型的8大模式=The great transformation:8 solutions of Chinese enterprises' transformation/《经理人》杂志编辑部著.-北京:科学出版社,2013 |
| 217页;23cm.-(经理人“影响中国”管理丛书) |
| ISBN 978-7-03-037975-7:CNY39.80 |
| 本书总结了2012年中国企业界一部分商业模式、战略、供应链、营销、全球化、人才、资本、企业传承等创新模式与案例,以推动中国企业从“流血转型”,走向“造血转型”。 |
| ● |
| 相关链接 |
|
|
|
|
正题名:造血转型
索取号:F279.23/1131
 
预约/预借
| 序号 | 登录号 | 条形码 | 馆藏地/架位号 | 状态 | 备注 |
| 1 | 0836670 | 208366702 | 第一样本阅览室/ [索取号:F279.23/1131] | 在馆 | |
| 2 | 0836671 | 208366711 | 密集书库-海洋学院/ [索取号:F279.23/1131] | 在馆 | |
| 3 | 0836672 | 208366720 | 第一借阅区/ [索取号:F279.23/1131] | 在馆 |